| 000 | 00970pam a2200313 a 4500 | ||
|---|---|---|---|
| 001 | 3788232 | ||
| 003 | OSt | ||
| 005 | 20140310182753.0 | ||
| 008 | 841215s1985 mnu b 001 0 eng | ||
| 010 | _a 84028400 | ||
| 020 | _a9713200004 | ||
| 040 |
_aDLC _cDLC _dDLC |
||
| 050 | 0 | 0 |
_aBF 503 _b.M478 1985 |
| 082 | 0 | 0 |
_aM 153.8 _bM17 1991 |
| 100 | 1 | _aMcGinnis, Alan Loy. | |
| 245 | 1 | 0 |
_aBringing out the best in people : _bhow to enjoy helping others excel / _cMcGinnis, Alan Loy |
| 260 |
_aMinneapolis : _bAugsburg Pub. House, _c1991 |
||
| 300 |
_a191 p. ; _c21 cm. |
||
| 500 | _aIncludes index. | ||
| 504 | _aBibliography: p. 185-187. | ||
| 521 | _ahigh school to college student | ||
| 526 | _c1210L to 1700L | ||
| 541 | _j1 | ||
| 562 | _efor circulation. 1 copy available in the collection | ||
| 650 | 0 | _aMotivation (Psychology) | |
| 650 | 0 | _aPsychology, Applied. | |
| 906 |
_a7 _bcbc _corignew _d1 _eocip _f19 _gy-gencatlg |
||
| 942 |
_2lcc _cBK _kM |
||
| 999 |
_c15796 _d15796 |
||